00916nam0a22002171 4500001001000000005001700010035002600027100004100053101000800094102000700102105001800109200025000127210004100377215001600418320004200434702006700476712009600543801001800639801002200657852001900679rc\47214020260407094101.0 a(NLR Aleph) 005715682 a20030616d1988 |||y0rusy50 ca0 arus aRU ay |||||||||1 aИшемическая болезнь сердца и нарушения сердечного ритмаeСб. науч. тр.fСвердлов. гос. мед. ин-тgПод ред. С.С. Бараца, Е.Д. Рождественской aСвердловскcСГМИd1988 a140 с.d20 aБиблиогр. в конце ст. 1aБарацbС.С.gСоломон Самойлович434002aСвердловский медицинский институт3RU\NLR\AUTH\889917898 0aRUbNLRgpsbo 1aRUbELAR2rusmarc aNLRj89-3/7216